Les 10 mégapoles les plus proches de Paris - Statistiques

Statistiques générales
  • Ce quiz a été pris 12 664 fois
  • Le résultat moyen est 5 sur 10
Statistiques - réponses
Distance Mégapole % Correct
343 km Londres
97%
5841 km New York
89%
2491 km Moscou
82%
2260 km Istanbul
58%
3216 km Le Caire
55%
4721 km Lagos
35%
4215 km Téhéran
31%
6053 km Kinshasa
25%
6137 km Karachi
13%
6170 km Lahore
8%
Aucun quiz correspondant
Distribution des résultats
% des personnes avec chaque résultat
Percentile par nombre de réponses
Votre historique - résultats
Vous n’avez pas pris ce quiz